LEADER 00806nam0 2200265 450 001 000025008 005 20090325120020.0 100 $a20090325d1966----km-y0itay50------ba 101 0 $aeng 102 $aUS$aGB 105 $ay-------001yy 200 1 $a<>theory of price$fGeorge J. Stigler 205 $a3rd ed. 210 $aNew York$cMacmillan$aLondon$cCollier-Macmillan$dc1966 215 $aVIII, 355 p.$d22 cm 500 10$a<>theory of price$943823 610 1 $aPrezzi 676 $a338.52$v19$9Economia generale della produzione. Prezzi 676 $a338.52$v20$9Prezzi 700 1$aStigler,$bGeorge Joseph$0119846 801 0$aIT$bUNIPARTHENOPE$c20090325$gRICA$2UNIMARC 912 $a000025008 951 $a022/32$b2213$cNAVA2 996 $aTheory of price$943823 997 $aUNIPARTHENOPE LEADER 01075nam0 2200265 450 001 000007871 005 20120402203844.0 100 $a20070517d2007----km-y0itay50------ba 101 0 $aita 102 $aIT 105 $ay-------001yy 200 1 $a<>diritto di recesso nelle società di capitali alla luce della novella legislativa$ealcune considerazioni civilistiche, economiche e contabili$fAnna Maria Biscotti 210 $a[Roma]$cRIREA$hstampa 2007 215 $a48 p.$d24 cm 225 2 $aQMR(Quaderni Monografici Rirea)$v52 300 $aAllegato alla Rivista italiana di Ragioneria e di Economia Aziendale fasc. 3-4/2007(n. sist. 000001925) 410 0$12001$aQMR(Quaderni Monografici Rirea) 610 1 $aSocietà di capitali$aSoci$aRecesso 676 $a346.450$v20 700 1$aBiscotti,$bAnna Maria$0608999 801 0$aIT$bUNIPARTHENOPE$c20070517$gRICA$2UNIMARC 912 $a000007871 951 $aQMR 657/52$b43746$cNAVA1$d2007 996 $aDiritto di recesso nelle società di capitali alla luce della novella legislativa$91205744 997 $aUNIPARTHENOPE